zpět

Detail výsledku týmu

Dno pytle - Vinohrady, Praha

Datum a čas kvízu

36.5 Celkem bodů Celkový počet nahraných bodů na tomto kvízu bez doplňovacích otázek.
7. Pořadí na kvízu Konečné umístění týmu na tomto kvízu.

Zaznamenané odpovědi

# Otázka Odpověď Body Výsledky
1. Ve středu se uskutečnilo letoš... Jablonec nad Nisou 1
2. Po ulicích jednoho středoslove... Liptovský Mikuláš 1
3. Organizace UNESCO přidala na s... v Berlíně 1
4. Některé provozovny jistého řet... McDonald's 1
5. Pokolikáté zvítězil fenomenáln... popáté (4 a 6 za půl bodu) 0
6. Téma začneme v Evropě. Seřaďte... 1B 2A 3C 4D 1
7. V souvislosti s Che Guevarou s... v Argentině 1
8. Jak se jmenuje tento živočich... fosa 1
9. Jak se jmenuje nejlidnatější s... Indonésie, Jakarta 1
10. Jak se jmenuje ostrovní stát,... Papua Nová Guinea 1